[Event "Hyderabad U1500 op 3rd"]
[Site "Hyderabad"]
[Date "2018.12.09"]
[Round "6.5"]
[White "Dhepe, Deepak"]
[Black "Mahendar, B."]
[Result "0-1"]
[WhiteElo "1347"]
[BlackElo "1418"]
[PlyCount "76"]
[EventDate "2018.12.08"]
[EventType "swiss"]
[EventRounds "9"]
[EventCountry "IND"]
[SourceTitle "EXT 2024"]
[Source "ChessBase"]
[SourceDate "2023.10.10"]
[SourceVersion "1"]
[SourceVersionDate "2023.10.10"]
[SourceQuality "1"]

1. d4 Nf6 2. c4 e6 3. Nc3 d5 4. Nf3 Bb4 5. cxd5 exd5 6. Bg5 h6 7. Bxf6 Qxf6 8. e3 c6 9. Rc1 0-0 10. Be2 Bf5 11. Qb3 Qe7 12. 0-0 Nd7 13. a3 Bxc3 14. Rxc3 Nf6 15. Bd3 Ne4 16. Bxe4 Bxe4 17. Qd1 Rae8 18. Ne5 f6 19. Nf3 Qf7 20. Nh4 g5 21. Nf3 Re7 22. Ne1 Rfe8 23. h4 Qg6 24. h5 Qf7 25. g4 Bh7 26. Nd3 Bxd3 27. Qxd3 Re4 28. f3 R4e6 29. Re1 f5 30. Kg2 fxg4 31. fxg4 Re4 32. Qd1 Rf8 33. Rc2 Qe6 34. Kg3 Rxe3+ 35. Rxe3 Qxe3+ 36. Kg2 Rf4 37. Rc3 Qf2+ 38. Kh1 Qh4+ 0-1